Państwa bez dostępu do morza - Statystyki

Ogólne statystyki
  • Ten quiz został rozwiązany 43 razy
    24 od ostatniego zresetowania
  • Średni wynik to 35 z 45
Statystyki odpowiedzi
Państwa % Poprawnych
Austria
100%
Czechy
100%
Liechtenstein
100%
Mołdawia
94%
Mongolia
94%
Słowacja
94%
Szwajcaria
94%
Turkmenistan
94%
Andora
88%
Białoruś
88%
Boliwia
88%
Kazachstan
88%
Luksemburg
88%
Watykan
88%
Kirgistan
82%
Macedonia Północna
82%
San Marino
82%
Tadżykistan
82%
Węgry
82%
Afganistan
76%
Armenia
76%
Bhutan
76%
Botswana
76%
Czad
76%
Niger
76%
Paragwaj
76%
Serbia
76%
Burkina Faso
71%
Malawi
71%
Nepal
71%
Rwanda
71%
Sudan Południowy
71%
Uzbekistan
71%
Zambia
71%
Zimbabwe
71%
Azerbejdżan
65%
Burundi
65%
Etiopia
65%
Kosowo
65%
Lesotho
65%
Mali
65%
RŚA/Republika Środkowoafrykańska
65%
Uganda
65%
Eswatini
59%
Laos
53%
Nie znaleziono quizów pasujących do podanych kryteriów
Rozkład punktacji
Procent ludzi z każdym wynikiem
Percentyl według liczby udzielonych odpowiedzi
Twoja historia wyników
Nie rozwiązałeś tego quizu od ostatniego zresetowania